| 000 | 00361nam a22001337a 4500 | ||
|---|---|---|---|
| 082 | _aP177 | ||
| 100 |
_aShahid Iqbal. _947976 |
||
| 245 |
_aDesign of high strength concrete mixes _bShahid Iqbal, Zahid CH. |
||
| 260 |
_aMCE _c2001 |
||
| 526 |
_a0 _b0 _c0 _dP_000000000000000_177 |
||
| 650 | _aProject | ||
| 700 |
_aMuhammad Qaqeer Butt. _947977 |
||
| 942 |
_2ddc _cBK |
||
| 999 |
_c551040 _d551040 |
||